000 00533nam a2200217 a 4500
001 0001-1998
003 ELIB.Books
008 190528 2010 eng
020 _aKBTS
092 _a232
_bWri
100 _aWright, Chris
245 _aWhat's so Unique about Jesus?
260 _aEastbourne
_bMARC
_c1984
300 _a125
_c17.7 Cm
650 _aJesus Christ
856 _nKBTS Library
_uKBTS Elib
942 _2ddc
_cBK
990 _a1
998 _aEnglishbooks.elf
_ccat
_e2019-05-28
999 _c11998
_d11998